| 000 | 00441nam a2200145 i 4500 | ||
|---|---|---|---|
| 001 | 83420 | ||
| 003 | ES-MaACL | ||
| 005 | 20230906174825.0 | ||
| 007 | t| | ||
| 008 | 041116s1977 sp ||||1| spa d | ||
| 245 | 0 | 0 |
_aTablas abreviadas de mortalidad de la población española _b: año 1970 / _cInstituto Nacional de Estadística. |
| 260 |
_aMadrid : _b[s.n.], _c1977. |
||
| 300 |
_a55 p. ; _c24 cm. |
||
| 852 |
_aES-MaACL _j2107-F-5 _bR.96246 |
||
| 999 |
_c83420 _d83420 |
||